| Tag |
First Indicator |
Second Indicator |
Subfields |
| LEADER |
00000cam a2200000 a 4500 |
| 001 |
in00000019861 |
| 005 |
20240426180538.0 |
| 008 |
870608s1986 enkb bf 001 0 eng |
| 010 |
|
|
|a 87147068
|
| 015 |
|
|
|a GB8718806
|2 bnb
|
| 019 |
|
|
|a 15617753
|a 810664525
|
| 020 |
|
|
|a 071030188X
|
| 020 |
|
|
|a 9780710301888
|
| 029 |
1 |
|
|a AU@
|b 000005306565
|
| 029 |
1 |
|
|a DEBSZ
|b 012321907
|
| 029 |
1 |
|
|a HEBIS
|b 276188705
|
| 029 |
1 |
|
|a NZ1
|b 3181560
|
| 029 |
1 |
|
|a ZWZ
|b 020702043
|
| 035 |
|
|
|a (OCoLC)ocm17840543
|
| 035 |
|
|
|a (OCoLC)17840543
|z (OCoLC)15617753
|z (OCoLC)810664525
|
| 035 |
|
|
|a (OCoLC)ocm17840543
|
| 040 |
|
|
|a DLC
|b eng
|c DLC
|d UKM
|d MUQ
|d DMF
|d BTCTA
|d BAKER
|d YDXCP
|d ZWZ
|d BDX
|d OCLCO
|d OCLCF
|d OCLCQ
|d OCLCO
|d OCL
|d OCLCQ
|d OCLCO
|d OCLCQ
|
| 043 |
|
|
|a e-ur---
|
| 050 |
0 |
0 |
|a DK34.M8
|b A35 1986
|
| 082 |
0 |
0 |
|a 947/.00882971
|2 19
|
| 100 |
1 |
|
|a Akiner, Shirin.
|
| 245 |
1 |
0 |
|a Islamic peoples of the Soviet Union :
|b with an appendix on the non-Muslim Turkic peoples of the Soviet Union : an historical and statistical handbook /
|c Shirin Akiner.
|
| 250 |
|
|
|a 2nd ed.
|
| 260 |
|
|
|a London ;
|a New York :
|b KPI :
|b Distributed by Routledge & Kegan Paul,
|c 1986.
|
| 300 |
|
|
|a xiii, 462 pages :
|b maps ;
|c 24 cm
|
| 336 |
|
|
|a text
|b txt
|2 rdacontent
|
| 337 |
|
|
|a unmediated
|b n
|2 rdamedia
|
| 338 |
|
|
|a volume
|b nc
|2 rdacarrier
|
| 504 |
|
|
|a Includes bibliographical references (pages 446-452) and index.
|
| 650 |
|
0 |
|a Muslims
|z Soviet Union
|v Handbooks, manuals, etc.
|
| 650 |
|
6 |
|a Musulmans
|z URSS
|x Guides, manuels, etc.
|
| 650 |
|
6 |
|a Musulmans
|z URSS
|v Guides, manuels, etc.
|
| 650 |
|
7 |
|a Muslims.
|2 fast
|0 (OCoLC)fst01031029
|
| 651 |
|
7 |
|a Soviet Union.
|2 fast
|0 (OCoLC)fst01210281
|
| 650 |
|
7 |
|a Musulmans
|z U.R.S.S
|x Guides, manuels, etc.
|2 ram
|
| 653 |
|
|
|a Soviet Union
|a Muslims
|
| 655 |
|
7 |
|a Handbooks and manuals.
|2 fast
|0 (OCoLC)fst01423877
|
| 776 |
0 |
8 |
|i Online version:
|a Akiner, Shirin.
|t Islamic peoples of the Soviet Union.
|b 2nd ed.
|d London ; New York : KPI : Distributed by Routledge & Kegan Paul, 1986
|w (OCoLC)570338057
|
| 938 |
|
|
|a Baker & Taylor
|b BKTY
|c 161.50
|d 161.50
|i 071030188X
|n 0001065563
|s active
|
| 938 |
|
|
|a Brodart
|b BROD
|n 36842230
|c $69.95
|
| 938 |
|
|
|a Baker and Taylor
|b BTCP
|n 87147068
|
| 938 |
|
|
|a YBP Library Services
|b YANK
|n 588462
|
| 948 |
|
|
|h HELD BY TXA - 196 OTHER HOLDINGS
|
| 994 |
|
|
|a Z0
|b TXA
|
| 999 |
f |
f |
|s 097a1ff4-c460-399b-be2d-59e320cadae3
|i c5335029-a977-32fb-8099-6419bc27daee
|t 0
|
| 952 |
f |
f |
|p ric
|a Texas A&M University
|b Rellis Campus
|c Joint Library Facility
|d Remote Storage
|t 0
|e DK34.M8 A35 1986
|h Library of Congress classification
|i unmediated -- volume
|m A14811498297
|
| 998 |
f |
f |
|a DK34.M8 A35 1986
|t 0
|l Remote Storage
|